| 000 | 00000nam 2200000zi 4500 |
| 001 | 9.938401 |
| 003 | CaOODSP |
| 005 | 20240724141853 |
| 006 | m o d f |
| 007 | cr cn||||||||| |
| 008 | 240517e202407 oncd obs f000 0 fre d |
| 020 | |a9780660720036 |
| 040 | |aCaOODSP|bfre|erda|cCaOODSP |
| 043 | |an-cn--- |
| 086 | 1 |aHP40-206/2024F-PDF |
| 245 | 00|aRapport sur le système de surveillance accrue de la résistance de la gonorrhée aux antimicrobiens (SARGA) : |brésultats de 2018 à 2021. |
| 264 | 1|aOttawa (Ontario) : |bAgence de la santé publique du Canada = Public Health Agency of Canada, |cjuillet 2024. |
| 264 | 4|c©2024 |
| 300 | |a1 ressource en ligne (68 pages) : |bgraphiques |
| 336 | |atexte|btxt|2rdacontent/fre |
| 337 | |ainformatique|bc|2rdamedia/fre |
| 338 | |aressource en ligne|bcr|2rdacarrier/fre |
| 500 | |aTitre de la couverture. |
| 500 | |aPublié aussi en anglais sous le titre : Report on the enhanced surveillance of antimicrobial-resistant gonorrhea (ESAG): results from 2018 to 2021. |
| 500 | |a« Pub. : 240113. » |
| 504 | |aComprend des références bibliographiques (pages 57-60). |
| 650 | 6|aBlennorragie|zCanada|vStatistiques. |
| 650 | 6|aBlennorragie|xTraitement|zCanada. |
| 655 | 7|aStatistiques|2rvmgf |
| 710 | 2 |aAgence de santé publique du Canada, |eorganisme de publication. |
| 775 | 08|tReport on the enhanced surveillance of antimicrobial-resistant gonorrhea (ESAG) : |w(CaOODSP)9.938400 |
| 795 | |tRapport sur le système de surveillance accrue de la résistance de la gonorrhée aux antimicrobiens (SARGA) : |w(CaOODSP)9.893238 |
| 856 | 40|qPDF|s2.95 Mo|uhttps://publications.gc.ca/collections/collection_2024/aspc-phac/HP40-206-2024-fra.pdf |